A deverbális névszóképzők szinonimitásának kérdései nyelvünk történetében

Elmentve itt :
Bibliográfiai részletek
Szerző: T. Somogyi Magda
Testületi szerző: A nyelvtörténeti kutatások újabb eredményei (8.)
Dokumentumtípus: Könyv része
Megjelent: Szegedi Tudományegyetem Magyar Nyelvészeti Tanszék Szeged 2015
Sorozat:A nyelvtörténeti kutatások újabb eredményei 8
Kulcsszavak:Nyelvtudomány, Nyelvtörténet - magyar, Nyelvészet - történeti, Magyar nyelv - szóalkotás, Magyar nyelv - képző
Tárgyszavak:
Online Access:http://acta.bibl.u-szeged.hu/54565
LEADER 01015naa a2200217 i 4500
001 acta54565
005 20230615100615.0
008 180719s2015 hu o 1|| hun d
020 |a 963 482 366 1 
040 |a SZTE Egyetemi Kiadványok Repozitórium  |b hun 
041 |a hun 
100 2 |a T. Somogyi Magda 
245 1 2 |a A deverbális névszóképzők szinonimitásának kérdései nyelvünk történetében  |h [elektronikus dokumentum] /  |c  T. Somogyi Magda 
260 |a Szegedi Tudományegyetem Magyar Nyelvészeti Tanszék  |b Szeged  |c 2015 
300 |a 171-193 
490 0 |a A nyelvtörténeti kutatások újabb eredményei  |v 8 
650 4 |a Bölcsészettudományok 
650 4 |a Nyelvek és irodalom 
695 |a Nyelvtudomány, Nyelvtörténet - magyar, Nyelvészet - történeti, Magyar nyelv - szóalkotás, Magyar nyelv - képző 
711 |a A nyelvtörténeti kutatások újabb eredményei (8.)  |c Szeged  |d 2014. április 3-4. 
856 4 0 |u http://acta.bibl.u-szeged.hu/54565/1/nyelvtort_008_171-193.pdf  |z Dokumentum-elérés